| Tag |
First Indicator |
Second Indicator |
Subfields |
| LEADER |
00000pam a2200000 a 4500 |
| 001 |
in00000434721 |
| 005 |
20151012072859.0 |
| 008 |
860423s1987 nju b 00100 eng |
| 010 |
|
|
|a 86010890
|
| 020 |
|
|
|a 089391326X
|
| 035 |
|
|
|a (OCoLC)13560193
|
| 035 |
|
|
|9 ABW9774AM
|
| 040 |
|
|
|a DLC
|c DLC
|d TXA
|d UtOrBLW
|
| 043 |
|
|
|a n-us---
|
| 049 |
|
|
|a TXAM
|c [A10023015]
|
| 050 |
0 |
0 |
|a LA217
|b .S293 1987
|
| 082 |
0 |
|
|a 370.19/0973
|2 19
|
| 245 |
0 |
0 |
|a Schooling in social context :
|b qualitative studies /
|c edited by George W. Noblit, William T. Pink.
|
| 264 |
|
1 |
|a Norwood, N.J. :
|b Ablex Pub. Corp.,
|c [1987]
|
| 264 |
|
4 |
|c ©1987
|
| 300 |
|
|
|a xviii, 332 pages ;
|c 24 cm.
|
| 336 |
|
|
|a text
|b txt
|2 rdacontent
|
| 337 |
|
|
|a unmediated
|b n
|2 rdamedia
|
| 338 |
|
|
|a volume
|b nc
|2 rdacarrier
|
| 504 |
|
|
|a Includes bibliographies and indexes.
|
| 650 |
|
0 |
|a Education
|x Aims and objectives
|z United States.
|
| 650 |
|
0 |
|a School management and organization
|z United States.
|
| 650 |
|
0 |
|a Education and state
|z United States.
|
| 650 |
|
0 |
|a Education
|x Social aspects
|z United States.
|
| 650 |
|
0 |
|a Business and education
|z United States.
|
| 700 |
1 |
|
|a Noblit, George W.
|
| 700 |
1 |
|
|a Pink, William T.
|
| 999 |
|
|
|a MARS
|
| 999 |
f |
f |
|s 44f30195-cc72-3d32-9afb-2abeed6eae2a
|i 1cc5b17d-9ab2-3dab-9286-655871c506db
|t 0
|
| 952 |
f |
f |
|p normal
|a Texas A&M University
|b College Station
|c Sterling C. Evans Library
|d Evans: Library Stacks
|t 0
|e LA217 .S293 1987
|h Library of Congress classification
|i unmediated -- volume
|m A14810023015
|
| 998 |
f |
f |
|a LA217 .S293 1987
|t 0
|l Evans: Library Stacks
|